[Event "7th Gashimov Memorial-Rapid 2021"]
[Site "Baku"]
[Date "2021.12.19"]
[Round "3.1"]
[White "Caruana, Fabiano"]
[Black "Rapport, Richard"]
[Result "1-0"]
[WhiteElo "2792"]
[BlackElo "2763"]
[Annotator "TA"]
[PlyCount "95"]
[EventDate "2021.12.17"]
[EventType "tourn"]
[EventCountry "AZE"]
[SourceTitle "playchess.com"]
[Source "ChessBase"]
[SourceQuality "1"]

{[%evp 14,95,-12,-37,0,0,0,0,0,-38,-20,-42,-49,-47,-22,-64,0,-77,-13,-13,0,0,
13,13,13,15,27,27,27,27,27,27,27,27,27,27,30,30,127,127,127,127,118,99,144,75,
76,73,76,76,76,76,76,76,95,76,146,140,239,239,239,200,226,225,226,193,190,313,
305,304,612,249,289,344,272,133,1585,1556,2389,2283,29979,29980,29978,29979]} 
1. e4 e6 2. d4 d5 3. Nc3 Bb4 4. e5 c5 5. a3 Bxc3+ 6. bxc3 Qc7 7. h4 Ne7 8. Rh3
Nbc6 {C18: French: 3 Nc3 Bb4: Main line: 7 h4 and 7 Qg4.} 9. h5 h6 10. Qg4 Rg8
{[#] The position is equal.} 11. Qf4 $146 ({Predecessor:} 11. Bd3 cxd4 12. f4
Bd7 13. Bh7 Rh8 14. Qxg7 O-O-O 15. Ne2 Kb8 16. cxd4 Na5 17. Rb1 {0-1 (29)
Borisova,E (2252)-Ivkina,O (2192) Smolensk 2007}) 11... Bd7 12. Bd2 O-O-O 13.
Nf3 Rdf8 14. Bd3 (14. Be2 $11) 14... f6 ({Better is} 14... c4 $15 15. Be2 Qb6)
15. Qh2 (15. exf6 $11 Rxf6 16. Qxc7+ Kxc7 17. Be3) 15... fxe5 (15... Qb6 $17)
16. Nxe5 $11 Nxe5 17. Qxe5 Qxe5+ 18. dxe5 Nc6 19. f4 c4 20. Be2 Be8 21. Be3 b6
22. Kd2 Kb7 23. g4 {[%cal Bg2g4,Bg4g5,Bg5g6][%mdl 32]} Rf7 24. Rg1 {[%cal
Of4f5]} Rgf8 25. g5 Ne7 (25... Rh8 $11) 26. g6 $16 Rf5 27. Bg4 {White is more
active.} Bd7 28. Ra1 Rb8 (28... Ba4 $142 29. Rb1 (29. Bxf5 Nxf5 30. Bf2 Bc6 $16
) 29... Kc7) 29. a4 (29. Bxf5 $142 {Strongly threatening Bg4.} Nxf5 30. a4)
29... Rff8 30. a5 {[%cal Ba4a5,Ba5b6][%mdl 32]} Nf5 31. Bxf5 Rxf5 32. axb6 a6 (
{Much worse is} 32... axb6 $6 33. Ke2 $11) 33. Rh4 Rc8 34. Bd4 Bb5 (34... Bc6
$142) 35. Ke3 Be8 (35... Rcf8 $16 36. Kf3 Rg5) 36. Kf3 $18 Bb5 37. Kg3 Bd7 38.
Ra5 Bb5 39. Rh1 Rff8 40. Rha1 (40. Rb1 $142 Ra8 41. Be3) 40... Ra8 41. Kg4 Kc6
$2 {[#]} (41... Bd7 42. Bf2 Bb5) 42. Rb1 (42. Rxb5 $142 $1 {[%mdl 512]
Intending Rc5+ and mate.} axb5 43. Rxa8 Rxa8 44. f5 exf5+ 45. Kxf5) 42... Kb7
43. Raxb5 axb5 44. Rxb5 {Rc5 is the strong threat.} Rf5 $2 {[%mdl 8192] [#]
This costs Black the game.} (44... Ra6 $16 45. Be3 Raa8) 45. Rxd5 $3 {[%mdl
512]} Rxf4+ (45... Raf8 46. Rd7+) 46. Kxf4 {Threatening mate with Rd7+.} Rf8+
47. Ke4 exd5+ 48. Kxd5 {Weighted Error Value: White=0.23 (precise) /Black=0.43}
1-0

[Event "7th Gashimov Memorial-Rapid 2021"]
[Site "Baku"]
[Date "2021.12.19"]
[Round "3.1"]
[White "Anand, Viswanathan"]
[Black "Navara, David"]
[Result "0-1"]
[WhiteElo "2751"]
[BlackElo "2697"]
[Annotator "TA"]
[PlyCount "238"]
[EventDate "2021.12.17"]
[EventType "tourn"]
[EventCountry "AZE"]
[SourceTitle "playchess.com"]
[Source "ChessBase"]
[SourceQuality "1"]

{[%evp 17,238,0,14,-11,17,0,19,-3,8,0,0,0,0,-22,-15,-16,-15,-16,-19,-18,-22,
-16,-17,-66,-59,-63,-64,-110,-92,-83,-96,-89,-63,-71,-48,-66,-52,-63,-56,-72,
-76,-117,-79,-127,-1,-52,-56,-61,-48,-84,-31,-62,0,0,0,0,0,-52,0,0,0,-73,-81,
-75,0,-65,-65,-102,-82,-90,-50,-50,-52,-51,-35,-38,-53,-102,-102,-102,-102,
-102,-102,-224,-193,-233,-226,-196,-48,-48,-25,-25,-8,-8,0,-25,-8,-8,-8,-8,-7,
-8,-7,-7,-7,-7,-7,-8,-8,-8,-8,-8,-7,-7,-7,-7,-7,-7,-7,-7,-7,-7,-7,-8,-8,-8,-8,
-8,-8,-8,-8,-8,-8,-8,-8,-7,-7,-7,-7,-7,-7,-7,-7,-8,-7,-7,-7,-8,-8,-8,-8,-8,-8,
-8,-8,-8,-8,-8,-8,-8,-8,-8,-7,-8,-8,-8,-7,-7,-7,-8,-8,-8,-8,-8,-7,-7,-7,-7,-7,
-7,-7,-7,-7,-8,-8,-8,-8,-8,-8,-8,-8,-8,-8,-8,-8,-8,-8,-8,-8,-8,-8,-8,-8,-8,-8,
-8,-8,-8,-8,-8,-8,-8,-8,-8,-8,-8,0,-29987,-29988,-29988,-29989,-29991,-29992]} 
1. e4 c5 2. Nf3 d6 3. d4 cxd4 4. Nxd4 Nf6 5. Nc3 a6 6. Be3 e5 7. Nf3 Be7 8. Bc4
O-O 9. O-O Nc6 {[%cal Bb8c6,Bc6a5,Ba5c4,Bc4b2][%mdl 32]} 10. a3 {B90: Sicilian
Najdorf: Unusual White 6th moves, 6 Be3 Ng4 and 6 Be3 e5.} b5 $5 {[%mdl 4] An
interesting side line.} 11. Ba2 Be6 12. Qd3 {The position is equal.} Rc8 $5 {
[%mdl 4] [#] Exploring less charted territory.} 13. Bg5 $146 ({Predecessor:} 
13. Rfd1 Na5 14. Bg5 Ne8 15. Bxe7 Qxe7 16. Nd2 Nc4 17. Nxc4 bxc4 18. Nd5 Bxd5
19. Qxd5 {½-½ (25) Jerkovic,L-Chernov,V ICCF email 2011}) 13... Nh5 14. Bd2
Na5 15. a4 Nc4 16. Bc1 Nf4 17. Bxf4 Nxb2 18. Qd2 {Threatens to win with Be3.}
exf4 19. axb5 Bf6 $36 {[%cal Be7f6,Bf6a1,Ba1c3][%mdl 2080] Black fights for an
advantage.} 20. Nd5 (20. Ne2 $1 $11) 20... Bxd5 $15 21. Bxd5 Nc4 22. Bxc4 (22.
Qe2 $15 Bxa1 23. bxa6) 22... Bxa1 $17 23. Bd3 Bc3 24. Qxf4 a5 25. e5 dxe5 26.
Nxe5 Qd6 27. Qh4 $1 {[%csl Gd3][%cal Rh4h7]} Qh6 28. Qxh6 gxh6 29. Nc6 (29. Nc4
$142) 29... a4 30. Bc4 (30. Ne7+ Kg7 31. Nd5 (31. Nxc8 $2 Rxc8 32. b6 a3 $19)
31... Bd4 $17) ({Better is} 30. Rd1) 30... a3 (30... Rc7 $17 31. Rd1 Re8) 31.
Rd1 (31. Ne7+ $11 Kg7 32. Nxc8 Rxc8 33. Ba2) 31... Rfe8 $15 {Hoping for ...Ra8.
} 32. g3 Rc7 $1 {To avoid Rd7} 33. Rd3 {[#]} Bb2 (33... Bb4 $1 $17 34. Kg2 Re1)
34. Kf1 {To avoid Re1+} Kg7 ({Black should play} 34... Rb7 $15 35. Nd8 Rb8 36.
Nxf7 (36. Bxf7+ $2 Kf8 $19) 36... Rec8) 35. Bb3 $11 h5 36. h4 h6 37. Rd5 (37.
Ba2 $11) 37... Ra8 (37... Bc3 $15 38. Rd3 Re1+ 39. Kg2 Bf6) 38. Ba2 Re8 39.
Rxh5 (39. Rd3 $11) 39... Bc3 $1 $17 40. Rc5 Re1+ {[%mdl 1024] Black has strong
compensation.} 41. Kg2 {[#]} Ba5 42. Rf5 (42. Kf3 Bb6) 42... Bb6 43. Nb4 Ra1
44. Bb3 Rb1 45. Rf4 Rb2 46. Nd5 Ra7 {[%cal Ob2b3]} 47. Nc3 {[#]} ({Don't
blunder} 47. Nxb6 $2 Rxb3 $1 {[%mdl 512]} 48. Nc8 (48. cxb3 $2 {too greedy.} a2
$19) 48... a2 $1 {[%mdl 512]} 49. Nxa7 Ra3 $19) (47. Nb4 $1 $15) 47... Rxb3 $1
{[%mdl 576] Remove Defender} 48. cxb3 (48. Rg4+ Kf8) 48... a2 49. Nxa2 Rxa2 {
[%mdl 4096] Endgame KRB-KR} 50. h5 (50. Rg4+ $17 Kf8 51. Rf4) 50... Rd2 51. Rf5
Rd3 52. g4 Rxb3 (52... f6 $19 {...Kf7 is the strong threat.} 53. f4 Be3) 53. f4
$1 $15 Bc7 {White must now prevent ...f6.} 54. g5 {Inhibits f6.} Rb2+ 55. Kf3
Rb3+ 56. Kg2 hxg5 57. fxg5 Bd8 58. Rd5 Be7 59. Re5 Bd6 60. Rf5 Rd3 61. h6+ Kg8
62. h7+ {[%mdl 64] Decoy} Kxh7 {aiming for ...Kg6.} 63. Rxf7+ Kg6 64. Rd7 Rg3+
65. Kf2 Bf4 66. b6 Rb3 67. b7 Kxg5 68. Rf7 Be5 69. Ke2 Kg6 70. Rd7 Kf5 71. Rf7+
Ke6 72. Rh7 Kd5 73. Kd2 Kc6 74. Kc2 Rb4 75. Kd3 Bc7 76. Rh6+ Kxb7 77. Re6 Bg3
78. Rg6 Kc7 79. Re6 Bd6 80. Re4 Rb5 81. Rc4+ Bc5 82. Rh4 Rb3+ 83. Kc2 Re3 84.
Rh6 Bd6 85. Rh5 Kc6 86. Kd2 Bf4 87. Rf5 Bh6 88. Kc2 Rh3 89. Re5 Kd6 90. Rb5 Bg7
91. Rb3 Rh4 92. Rb5 Bd4 93. Kd3 Bc5 94. Rb8 Kd5 95. Rd8+ Bd6 96. Kd2 Rh3 97.
Ke2 Ke5 98. Kd2 Bc5 99. Kc2 Ke4 100. Re8+ Kd4 101. Rd8+ Kc4 102. Rc8 Rh2+ 103.
Kc1 Kd4 104. Rc7 Bb4 105. Rc8 Bc3 106. Rf8 Kc4 107. Rd8 Bd4 108. Rg8 Kd3 109.
Rg3+ Be3+ 110. Kb1 Re2 111. Rg8 Bd4 112. Rg3+ Kd2 113. Ka2 Kc2 114. Ka3 Re4
115. Rg2+ Kc3 {( -> ...Kc4)} 116. Rg3+ $1 Be3 117. Rh3 $2 {[%mdl 8192] [#]} (
117. Ka2 $11) 117... Kc2 $1 {Black mates.} 118. Rh2+ {[#]} Bd2 $1 119. Rf2 Re5
{Weighted Error Value: White=0.18 (very precise) /Black=0.18 (very precise)}
0-1

[Event "7th Gashimov Memorial-Rapid 2021"]
[Site "Baku"]
[Date "2021.12.19"]
[Round "3.1"]
[White "Karjakin, Sergey"]
[Black "Mamedyarov, Shakhriyar"]
[Result "1-0"]
[WhiteElo "2743"]
[BlackElo "2767"]
[Annotator "TA"]
[PlyCount "51"]
[EventDate "2021.12.17"]
[EventType "tourn"]
[EventCountry "AZE"]
[SourceTitle "playchess.com"]
[Source "ChessBase"]
[SourceQuality "1"]

{[%evp 12,51,20,15,22,15,14,5,24,18,29,31,38,23,24,0,6,0,270,239,318,304,300,0,
0,-29,-26,-87,0,0,0,-65,0,0,0,0,0,0,0,0,29997,29998]} 1. e4 e5 2. Nf3 Nc6 3.
Bc4 Bc5 4. c3 Nf6 5. d3 h6 6. O-O d6 7. Nbd2 {[%cal Bb1d2,Bd2f1,Bf1g3][%mdl 32]
} O-O {C54: Giuoco Piano: 4 c3 Nf6, main lines with 5 d4 and 5 d3.} 8. Re1 a5 {
8...a5 is better than 8...a6.} (8... Ne7 9. h3 Ng6 10. d4 Bb6 11. Bd3 c6 12.
Nf1 Re8 13. Ng3 Be6 14. Be3 Qc7 15. Qd2 Kh7 16. a4 Rad8 17. Qc2 a5 {1-0 (62)
Karjakin,S (2750)-Mamedyarov,S (2764) Saint Louis 2019}) 9. Nf1 Ba7 {The
position is equal.} 10. Ng3 Ne7 11. h3 {[#]} c6 $146 ({Predecessor:} 11... Ng6
12. Bb3 b5 13. d4 Re8 14. Bc2 c5 15. Be3 Bb7 16. dxe5 dxe5 17. Qc1 c4 18. Bxa7
Rxa7 {0-1 (38) Van Foreest,J (2609)-Harikrishna,P (2733) Germany 2018}) 12. d4
exd4 13. cxd4 d5 $1 14. e5 dxc4 $2 {[%mdl 8192]} (14... Ne4 $1 $11 15. Nxe4
dxc4) 15. exf6 $18 gxf6 16. Nh5 ({Don't do} 16. Bxh6 Bb8 17. Bxf8 Qxf8 $18)
16... Nf5 17. g4 $2 (17. Qd2 $18 Qd6 18. Re4) 17... Ng7 $11 18. Bxh6 (18. Ng3
$5 {[%cal Rc1h6]}) 18... Nxh5 19. gxh5 {[#]} (19. Bxf8 $11 Qxf8 20. gxh5 Bxh3
21. Kh2) 19... Re8 (19... Qd5 $1 $17 20. Bxf8 Kxf8) 20. Qc2 Kh8 {And now ...
Rg8+ would win.} 21. Rxe8+ ({Don't blunder} 21. Qxc4 $2 Rg8+ 22. Kf1 (22. Kh1
$2 Bxh3 23. Rg1 Qd7 $19) 22... Bxh3+ 23. Ke2 Bg4 $19) 21... Qxe8 22. Re1 $1 {
[%cal Re1e8]} Be6 {aiming for ...Qg8+.} 23. Kh1 $40 {[%mdl 128] Rg1 is the
strong threat. White is up to no good.} Qd7 24. Rg1 {White wants to mate with
Bg7+.} Rg8 {Inhibits Bg7+.} 25. Qc1 $1 {[%cal Oh6g7] Bg7+! would kill now.}
Bxh3 $2 {[%mdl 8192] [#]} (25... Qd8 $11 26. Rxg8+ Qxg8) 26. Bg7+ $1 {[%mdl
576] Decoy, Back Rank, Clearance.  Weighted Error Value: White=0.33/Black=0.59}
1-0

[Event "7th Gashimov Memorial-Rapid 2021"]
[Site "Baku"]
[Date "2021.12.19"]
[Round "3.1"]
[White "Asadli, Vugar"]
[Black "Mamedov, Rauf"]
[Result "1/2-1/2"]
[WhiteElo "2579"]
[BlackElo "2656"]
[Annotator "TA"]
[PlyCount "40"]
[EventDate "2021.12.17"]
[EventType "tourn"]
[EventCountry "AZE"]
[SourceTitle "playchess.com"]
[Source "ChessBase"]
[SourceQuality "1"]

{[%evp 9,40,0,18,0,22,19,21,29,18,17,17,33,17,14,17,22,20,14,55,14,23,7,98,-30,
99,91,103,110,107,91,108,0,193]} 1. e4 c5 2. Nc3 Nc6 3. Bb5 Nd4 4. Bc4 a6 5. a4
d6 6. d3 {B23: Closed Sicilian: Lines without g3.} g6 7. Nge2 (7. Bg5 {feels
hotter.} Bg7 8. Nd5 h6 9. Bh4 g5 10. Bg3) 7... Bg7 8. Nxd4 cxd4 9. Ne2 {[#]} e6
$146 ({Predecessor:} 9... e5 10. O-O Nf6 11. c3 dxc3 12. Nxc3 O-O 13. Kh1 Be6
14. Bg5 h6 15. Bxf6 Qxf6 {0-1 (44) Ulloa,G (2057)-Alarcon Torres,M (1867)
Villa Tehuelches 2017}) 10. O-O Ne7 11. Bb3 O-O 12. Bd2 Qc7 13. f4 f5 (13... d5
$11) 14. Ng3 (14. Kh1 $14) 14... Kh8 $11 15. exf5 gxf5 (15... exf5 $11 16. Rf2
Bd7) 16. c3 (16. Nh5 $16) 16... Qb6 (16... dxc3 $11 {keeps the balance.} 17.
bxc3 Bxc3 18. Bxc3+ Qxc3) 17. Kh1 Bd7 18. Nh5 {Prevents Rf6.} Rg8 19. a5 Qc7
20. cxd4 ({Don't play} 20. Nxg7 $6 Rxg7 21. Kg1 Qc5 $11) (20. Re1 $16) 20...
Ng6 $2 {Weighted Error Value: White=0.27 (precise) /Black=0.25 (precise)} (
20... Bxd4 $11 {and Black stays safe.} 21. Qe1 Rg6) 1/2-1/2

[Event "7th Gashimov Memorial-Rapid 2021"]
[Site "Baku"]
[Date "2021.12.19"]
[Round "3.2"]
[White "Mamedyarov, Shakhriyar"]
[Black "Karjakin, Sergey"]
[Result "0-1"]
[WhiteElo "2767"]
[BlackElo "2743"]
[Annotator "TA"]
[PlyCount "68"]
[EventDate "2021.12.17"]
[EventType "tourn"]
[EventCountry "AZE"]
[SourceTitle "playchess.com"]
[Source "ChessBase"]
[SourceQuality "1"]

{[%evp 11,68,0,0,-12,0,-1,0,0,0,0,0,0,-6,0,0,0,0,0,39,27,0,-50,-42,-146,-179,
-212,-191,-252,-255,-284,-279,-291,-293,-313,-333,-310,-350,-385,-371,-426,
-422,-424,-438,-422,-420,-494,-490,-583,-569,-641,-658,-881,-777,-727,-659,
-806,-789,-825,-802]} 1. e4 e5 2. Nf3 Nc6 3. Bc4 Bc5 4. c3 {[%cal Bc2c3,Bc3d4,
Bd4d5][%mdl 32]} Nf6 5. d4 exd4 6. cxd4 Bb4+ 7. Nbd2 {C54: Giuoco Piano: 4 c3
Nf6, main lines with 5 d4 and 5 d3.} Nxe4 {Threatening ...d5.} 8. d5 {[#] 0-0
is the strong threat. 8.d5 scores better than 8.0-0.} Nxd2 9. Bxd2 {The
position is equal.} Bxd2+ 10. Qxd2 (10. Nxd2 Qe7+ 11. Qe2 Qxe2+ 12. Kxe2 Ne5
$15) 10... Ne7 {[#]} 11. O-O-O $146 ({Predecessor:} 11. d6 cxd6 12. O-O d5 13.
Bxd5 O-O 14. Rad1 Nxd5 {½-½ (14) Christiansen,J (2539)-Ragger,M (2696)
Skopje 2019}) 11... d6 12. h4 $1 Bg4 13. Qd4 Qd7 14. h5 h6 15. Rde1 Kf8 16. Nh4
(16. Re3 $11) 16... Bxh5 (16... c5 $5 {[%cal Rc5d4]} 17. Qf4 (17. dxc6 Nxc6 18.
Qd2 Bxh5 $15) 17... Bxh5 $15) 17. g4 {Black keeps a firm grip on the game.} (
17. Re3 $15) 17... Qxg4 $17 18. f4 {[%cal Oh1g1]} Qd7 19. Kb1 (19. Rhg1 {
was worth a try.} Rg8 20. Bb3) 19... Bg4 $19 20. f5 ({Don't play} 20. Rhg1 h5
21. Ka1 a6 $19) 20... Bxf5+ 21. Ka1 Ng6 {[%cal Be7g6,Bg6e5,Be5g4,Bg4e3][%mdl
32]} 22. Bb5 Qxb5 23. Nxf5 {[%csl Gf5][%cal Rd4g7]} Rh7 24. Rhg1 {[%cal Og1g6]}
Ne5 {Hoping for ...Nf3.} 25. Qh4 {[#] aiming for Qe7+.} Qd7 {To avoid Qe7+} 26.
Ref1 {[%cal Og1g7]} h5 27. Qf4 Ng4 28. Ng3 Re8 {Black is clearly winning.} 29.
Rh1 Re5 30. a3 Ne3 31. Rf3 Nxd5 32. Qd4 b6 33. Rhf1 g6 34. Qd3 Qe6 {Weighted
Error Value: White=0.40/Black=0.09 (flawless)} 0-1

[Event "7th Gashimov Memorial-Rapid 2021"]
[Site "Baku"]
[Date "2021.12.19"]
[Round "3.2"]
[White "Rapport, Richard"]
[Black "Caruana, Fabiano"]
[Result "1-0"]
[WhiteElo "2763"]
[BlackElo "2792"]
[Annotator "TA"]
[PlyCount "51"]
[EventDate "2021.12.17"]
[EventType "tourn"]
[EventCountry "AZE"]
[SourceTitle "playchess.com"]
[Source "ChessBase"]
[SourceQuality "1"]

{[%evp 10,51,0,0,19,8,18,9,9,6,20,11,23,0,71,62,67,62,133,118,121,102,92,47,
204,203,203,195,198,191,187,200,175,154,391,395,395,395,480,472,789,766,1665,
1648]} 1. e4 e5 2. Nf3 Nf6 3. d3 Nc6 4. g3 d5 5. exd5 Nxd5 6. Bg2 Bd6 {C44:
Ponziani Opening and Scotch Gambit.} 7. O-O O-O {[#]} 8. a3 $146 ({Predecessor:
} 8. a4 Bf5 9. Nc3 Ndb4 10. Bg5 Qd7 11. Ne4 h6 12. Bd2 Be7 13. Bxb4 Bxb4 14. c3
{½-½ (48) Zvjaginsev,V (2603)-Antipov,M (2607) Struga 2021}) 8... Re8 {
The position is equal.} 9. b4 Bg4 10. h3 Bh5 11. Bb2 f5 (11... Nb6 $11) 12. c4
Nf6 {Hoping for ...e4.} 13. Nbd2 Bf8 ({Better is} 13... a5 $14) 14. Qc2 $1 $16
e4 15. dxe4 fxe4 16. Ng5 (16. Bxf6 $16 gxf6 17. Nxe4) 16... Nd4 $2 (16... Qd3
$1 $14 17. Qc3 (17. Bxe4 Qxc2 18. Bxc2 Re2 $14) 17... Qxc3 18. Bxc3 e3) 17.
Bxd4 $40 {[%mdl 128] White wants a kill.} Qxd4 18. Ndxe4 {Pair of Knights!} Bg6
{[%cal Rf6e4] [#]} 19. Rad1 $1 {[%cal Ba1d1,Bd1d7,Bd7d6][%mdl 32]} Qe5 {
[%cal Rf6e4] [#]} 20. f4 $1 {[%cal Bf2f4,Bf4f5,Bf5f6][%mdl 32]} Qe7 {[%cal
Rf6e4]} 21. f5 Nxe4 $2 {This costs Black the game.} (21... Bf7 $16 22. Nxf7 (
22. Nxf6+ Qxf6 23. Ne6 Rab8 $16) 22... Nxe4) 22. Nxe4 Bf7 {[#]} 23. f6 $1 Qe5
24. Rd7 {Black must now prevent fxg7. White is clearly winning.} g6 (24... Be7
$142 25. fxe7 Rxe7) 25. Qd2 {[%cal Od7f7] And now Rxf7! would win.} Bd6 26.
Rxd6 {Weighted Error Value: White=0.06 (flawless) /Black=0.47} 1-0

[Event "7th Gashimov Memorial-Rapid 2021"]
[Site "Baku"]
[Date "2021.12.19"]
[Round "3.2"]
[White "Navara, David"]
[Black "Anand, Viswanathan"]
[Result "1/2-1/2"]
[WhiteElo "2697"]
[BlackElo "2751"]
[Annotator "TA"]
[PlyCount "93"]
[EventDate "2021.12.17"]
[EventType "tourn"]
[EventCountry "AZE"]
[SourceTitle "playchess.com"]
[Source "ChessBase"]
[SourceQuality "1"]

{[%evp 18,93,18,19,19,18,25,20,22,10,13,8,15,11,17,0,12,14,15,0,6,-7,-10,-11,
-10,-3,-8,-9,-4,-12,0,0,0,0,0,0,0,0,0,-6,0,0,0,0,0,0,0,0,0,0,0,0,0,0,0,0,0,0,
37,0,0,-66,0,0,0,0,0,0,0,0,0,0,0,0,0,0,0,0]} 1. e4 c5 2. Nf3 e6 3. d4 cxd4 4.
Nxd4 Nc6 5. Nc3 Qc7 6. g3 a6 7. Bg2 Nf6 8. O-O Bc5 9. Nxc6 dxc6 10. Na4 Ba7 {
B47: Sicilian: Taimanov: 5 Nc3 Qc7 6 f4, 6 g3 and 6 Be2.} 11. c4 e5 $1 {
[%mdl 4] is recently more successful than 11...Nd7.} 12. c5 {[%cal Oa4b6]} Be6
13. b3 O-O {[#]} 14. Bg5 $146 ({Predecessor:} 14. Be3 Rad8 15. Qe2 Qe7 16. h3
Ne8 17. Rfd1 Nc7 18. Rac1 Nb5 19. f4 exf4 20. gxf4 {1-0 (34) D'Costa,L (2420)
-Djukic,S (2203) Skopje 2012}) 14... Rfd8 15. Qf3 Qe7 16. Rad1 Rxd1 17. Rxd1
Rd8 18. h3 h6 19. Bxf6 Qxf6 20. a3 Qe7 {With the idea ...Rxd1+.} 21. b4 Rd7 22.
Bf1 Qd8 23. Nb2 Rd4 24. Rd3 b6 25. Rxd4 $1 Qxd4 26. cxb6 $1 Bxb6 27. Na4 Ba7 {
next ...Qa1 is good for Black.} 28. Bxa6 Bxh3 {[%cal Oh3g4]} 29. g4 h5 30. gxh5
Be6 {A strong pair of Bishops.} 31. Be2 Qd2 32. Nc5 Bxc5 33. bxc5 Qc1+ 34. Kg2
Qxc5 35. Qg3 Qd4 36. h6 {[%csl Gh6][%cal Rg3g7] [#]} g6 37. Qh4 {White wants
to mate with Qf6.} Kh7 38. Qf6 {[%csl Gh6][%cal Rf6g7]} (38. a4 $5 {[%cal
Ra4a5]} Qd2 39. Qf6 Qxh6 40. Qxe5 $11) 38... Kxh6 {White must now prevent ...
Kh7.} (38... Qxe4+ $2 39. Bf3 Qxf3+ 40. Kxf3 $18) 39. Qh8+ Kg5 40. Bf3 {
[#] Threatening mate with Kg3. The position is equal.} ({Not} 40. f4+ $2 Kxf4
41. Qh4+ Ke3 $19) 40... f5 41. Qf8 {aiming for Qe7+.} fxe4 42. Qe7+ Kh6 43.
Qf8+ (43. Qh4+ Kg7 44. Qxe4 c5 $15) 43... Kg5 44. Qe7+ Kh6 45. Qf8+ ({Much
weaker is} 45. Qh4+ Kg7 46. Qxe4 c5 $17) 45... Kg5 46. Qe7+ Kh6 47. Qf8+ {
An interesting draw.  Weighted Error Value: White=0.03 (flawless) /Black=0.03 
(flawless)} ({Much worse is} 47. Qh4+ Kg7 48. Qxe4 c5 $17) 1/2-1/2

[Event "7th Gashimov Memorial-Rapid 2021"]
[Site "Baku"]
[Date "2021.12.19"]
[Round "3.2"]
[White "Mamedov, Rauf"]
[Black "Asadli, Vugar"]
[Result "1-0"]
[WhiteElo "2656"]
[BlackElo "2579"]
[Annotator "TA"]
[PlyCount "102"]
[EventDate "2021.12.17"]
[EventType "tourn"]
[EventCountry "AZE"]
[SourceTitle "playchess.com"]
[Source "ChessBase"]
[SourceQuality "1"]

{[%evp 9,102,-16,21,22,31,30,29,18,25,21,22,25,25,25,25,26,24,25,31,31,31,31,
31,25,38,20,38,12,31,31,31,31,31,31,105,105,110,108,108,111,174,174,172,175,
229,229,236,236,236,216,202,202,195,140,141,0,193,79,79,79,79,79,79,79,79,83,
135,138,260,260,260,260,260,0,0,0,260,254,259,252,252,252,245,16,216,208,193,
186,393,384,372,372,349,314,29986]} 1. e4 c6 2. d4 d5 3. Nd2 dxe4 4. Nxe4 Nf6
5. Bd3 Nxe4 (5... Qxd4 $5 {[%cal Rf6e4]} 6. Nf3 Qb6 $11) 6. Bxe4 {B15:
Caro-Kann: 3 Nc3: 3...g6 and 3...dxe4 4 Nxe4 Nf6 5 Nxf6+ exf6.} Nd7 7. c3 Nf6
8. Bd3 {White has an edge.} Bg4 9. Ne2 e6 10. Qb3 Bxe2 11. Bxe2 Qc7 12. g3 Bd6
{[#]} 13. Bg5 $146 ({Predecessor:} 13. O-O h5 14. Rd1 h4 15. c4 hxg3 16. hxg3
O-O-O 17. Qf3 Qa5 18. Be3 Rh5 19. c5 Bc7 20. Bd2 {½-½ (41) Wojcik,W (2250)
-Brzoza,M (2231) ICCF email 2014}) 13... h6 14. Bxf6 gxf6 15. Bh5 O-O-O 16.
O-O-O f5 17. Kb1 Rd7 18. Rd3 Kb8 19. f4 Rhd8 20. Rhd1 Bf8 21. Qc2 c5 (21... Bg7
$14) 22. dxc5 $1 $16 Rxd3 23. Rxd3 Rxd3 24. Qxd3 {[%cal Oh5f7]} a5 (24... Bxc5
$16 {was necessary.} 25. Bxf7 Qe7) 25. b4 $18 axb4 26. cxb4 Ka7 (26... b6 {
is a better defense.} 27. Qb5 Qb7) 27. Qb5 Bg7 28. Qa4+ Kb8 29. Qe8+ Ka7 30.
Kc2 Bd4 31. Qa4+ (31. Bxf7 $6 Bxc5 32. Qa4+ (32. bxc5 Qxc5+ 33. Kd2 Qf2+ 34.
Kd1 Qf1+ 35. Kd2 Qf2+ 36. Kc3 Qe3+ 37. Kb4 Qd2+ 38. Kc4 Qc2+ 39. Kd4 Qe4+ 40.
Kc5 Qd5+ 41. Kb4 Qd2+ 42. Kb3 Qd3+ 43. Kb4 Qd2+ $11) (32. Qxe6 Bxb4+ 33. Qc4
Qa5 $14) 32... Kb8 $16) (31. Kb3 $18) 31... Kb8 $16 32. Qe8+ (32. Qb5 $16)
32... Ka7 $18 33. Bxf7 (33. Kd3 $18 {and White stays clearly on top.} Bg1 34.
Ke2 (34. Bxf7 Bxh2 35. Qxe6 Bxg3 $16)) 33... Bxc5 $16 34. Qa4+ $1 ({Don't play
} 34. bxc5 Qxc5+ 35. Kd2 (35. Kb3 Qd5+ 36. Kc3 Qa5+ 37. Kd4 Qd5+ 38. Kc3 Qa5+
39. Kb3 Qd5+ 40. Kc2 Qc5+ 41. Kd2 Qd4+ 42. Kc2 Qc5+ $11) 35... Qd4+ 36. Ke1
Qe4+ 37. Kf2 Qc2+ 38. Kf1 Qd1+ 39. Kg2 Qe2+ 40. Kh3 Qg4+ 41. Kg2 Qe2+ 42. Kh3
Qg4+ 43. Kg2 Qe2+ $11) (34. Bxe6 Bxb4+ 35. Kb1 Qb6 $11) 34... Kb8 {Hoping for .
..Bf2+.} 35. bxc5 Qxf7 {[%mdl 4096] Endgame KQ-KQ} 36. Qd4 {Qd6+ is the strong
threat.} Qh5 37. Qd2 {White is more active.} Ka7 ({Black should play} 37... Ka8
) 38. a4 Qf3 (38... Qe8 $16 {keeps fighting.}) 39. Qa5+ $18 Kb8 40. Qd8+ Ka7
41. Qa5+ $2 ({White has to play} 41. Qb6+ $18 Kb8 42. Qxe6) 41... Kb8 $11 42.
Qd8+ $2 {[%mdl 8192]} (42. Qe1 $11) 42... Ka7 $18 43. Qb6+ Ka8 44. Qxe6 Qg2+
45. Kc3 {Strongly threatening Qc8+.} Qxh2 46. Qe8+ $1 ({Much less strong is} 
46. Qxf5 $6 Qxg3+ 47. Kc4 Qg2 $16) 46... Ka7 {Black cannot hold the game after
this.} 47. Qe3 Ka8 {[#]} 48. Kd4 $1 {And now Ke5 would win.} Qb2+ $2 (48... h5
{was called for.} 49. Ke5 h4) 49. Qc3 Qe2 {[%csl Gf5][%cal Re2e4] [#]} 50. Kd5
Qe8 51. c6 {Prevents Qd7+. Threatening mate with Qa5+.} Kb8 $2 {Weighted Error
Value: White=0.15 (very precise) /Black=0.19 (very precise)} (51... Qd8+ $18
52. Kc5 Ka7 53. cxb7 Qe7+ 54. Kc4 Qe6+ 55. Kb4 Qb6+ 56. Ka3 Qd6+ 57. Kb2 Kxb7
58. Qb3+ Ka7 59. Qf7+ Ka6) 1-0